| 000 | 01135nam a2200277Ia 4500 | ||
|---|---|---|---|
| 999 |
_c38483 _d38483 |
||
| 001 | 4496 | ||
| 003 | GE_BSU | ||
| 005 | 20191021113501.0 | ||
| 008 | 181216s2005||||enk|||||||||||||| ||eng|| | ||
| 040 | _cGE_BSU | ||
| 041 | _aeng | ||
| 080 | _a551.5(479.22) M-78 | ||
| 245 |
_aModern climate change in Georgia : _bRadiatively Active Small Atmospheric Admixtures / _cTransactions of M. Nodia institute of Geophysics of Georgian; Academy of Sciences. |
||
| 264 |
_aTbilisi, _c2005. |
||
| 300 |
_a127 p.; _b29 cm. |
||
| 653 | _aკლიმატის ცვლილება საქართველოში | ||
| 653 | _aატმოსფეროს რადიაციულობა | ||
| 700 |
_aAmiranashvili, A. _eავტორი _94876 |
||
| 700 |
_a Amiranashvili, V. _eავტორი _94877 |
||
| 700 |
_aGzirishvili, T. _eავტორი _94878 |
||
| 700 |
_aKharchilava, J. _eავტორი _94879 |
||
| 700 |
_aTavartkiladze, K. _eავტორი _94880 |
||
| 700 |
_aNodia, M. _eმთარგმნელი _94881 |
||
| 710 |
_aInstitute of Geophysics of Georgian _94882 |
||
| 942 |
_cBK _2udc |
||